| Tag |
First Indicator |
Second Indicator |
Subfields |
| LEADER |
00000cam a2200000 4500 |
| 001 |
in00000671007 |
| 005 |
20151015091043.0 |
| 008 |
801010r18661866miuaf a 00010 eng d |
| 035 |
|
|
|a (OCoLC)06810004
|
| 035 |
|
|
|9 ACY5091AM
|
| 040 |
|
|
|a EEU
|c TXA
|d UtOrBLW
|
| 049 |
|
|
|a TXAI
|
| 090 |
|
|
|a F593
|b .M33
|
| 099 |
|
|
|a film
|a B
|a 1512
|a reel
|a 247.2
|
| 100 |
1 |
|
|a Marcy, Randolph B.
|q (Randolph Barnes),
|d 1812-1887.
|
| 245 |
1 |
0 |
|a Thirty years of army life on the border :
|b Comprising descriptions of the Indian nomads of the plains; explorations of new territory; a trip across the Rocky mountains in the winter; descriptions of the habits of different animals found in the West, and the methods of hunting them; with incidents in the life of different frontier men, &c., &c. /
|c By Colonel R. B. Marcy. With numerous illustrations.
|
| 264 |
|
1 |
|a New York :
|b Harper,
|c 1866.
|
| 300 |
|
|
|a 1 page ., [ix]-xvi, [17]-442 pages including illustrations, plates :
|b frontispiece ;
|c 22 cm.
|
| 336 |
|
|
|a text
|b txt
|2 rdacontent
|
| 337 |
|
|
|a microform
|b h
|2 rdamedia
|
| 338 |
|
|
|a microfilm reel
|b hd
|2 rdacarrier
|
| 500 |
|
|
|a Microfilm. Ann Arbor, Mich., University Microfilms (n.d.) (American culture series, Reel 247.2)
|
| 500 |
|
|
|a Microform.
|
| 610 |
1 |
0 |
|a United States.
|b Army
|x Military life.
|
| 650 |
|
0 |
|a Indians of North America.
|
| 650 |
|
0 |
|a Frontier and pioneer life
|z West (U.S.)
|
| 651 |
|
0 |
|a West (U.S.)
|x Description and travel.
|
| 999 |
|
|
|a MARS
|
| 999 |
f |
f |
|s 79534922-31ba-307d-bd61-a53fa2bac36c
|i d15a4323-78e3-3782-bc00-4d0b3b6acec6
|t 0
|
| 952 |
f |
f |
|p default
|a Texas A&M University
|b College Station
|c Sterling C. Evans Library
|d Evans: Microforms (3rd floor)
|t 0
|e film B 1512 reel 247.2
|h Other scheme
|i microform -- microfilm reel
|
| 998 |
f |
f |
|a film B 1512 reel 247.2
|t 0
|l Evans: Microforms (3rd floor)
|